000 00471nam a2200145 4500
999 _c10391
_d10391
008 180824b ||||| |||| 00| 0 eng d
022 _a2094-8042
082 _aDPer 370.105 M72 Jan-Dec 2011 v59-60
100 _930546
_aVillaflor, Tomas V.
245 _aEarthquake/
_cTomas V. Villaflor.
260 _aPhilippines:
_bIn the Grade School, Inc.,
_cc2011.
300 _av60 n2, pages 69-70:
_billustrations;
_c27cm.
650 0 _930547
_aEarthquakes.
942 _2ddc
_cPER